000 00481nam a2200181Ia 4500
008 240510s9999 xx 000 0 und d
020 _a0108184046855
041 _aEng
082 _a371.334
082 _bB81
100 _aBUCHNER, Alex
245 0 _aMoodle Administration :An Administors guide to configuring, securing, customizing, and extending Moodle
260 _bNew Delhi:Shroff Publishers
260 _c2008
300 _a357 p.
942 _2ddc
942 _cRBK
999 _c28638
_d28638
945 _a1
_bMadushi Gamage
_c1
_dMadushi Gamage